000
00195 a2200097 4500
020
_a
9780871569271
041
_a
spa
100
_a
keister,Douglas
245
_a
El R egalo de Fernando
942
_c
BK
999
_c
31838
_d
31836